000 00248nam a2200097Ia 4500
001 688114
005 20250826161609.0
008 250824s9999 xx 000 0 und d
245 0 _aSÖZÜN MİRACI DUA
_cÖMER DÖNGELOĞLU
260 _bTİMAŞ YAYINLARI
999 _c688114
_d688114